LEADER 01250nam a2200253 i 4500 001 000000165744 003 CaOOAMICUS 005 20071025000000.0 008 071025s1912 it u000 u ita u 013 $a143112 040 $aSeMil$bita 245 12$aL'iliade di Omero /$cTradotta da Vincenzo Monti con riscontri su le varie stampe e con note ; Per cura del Prof. Enrico Mestica. 260 $aFirenze :$bBarbèra,$c1912. 300 $aXI, 241,12 p, [22] p. di tav. ;$c20 cm. 490 0 $aCollezione scolastica : secondo i programmi governativi 500 $aIn mezzo al front : Edizione stereotipa illustrata con 24 composizioni artistiche. (Ottava tiratura.). 650 4$aOmero . Iliade.$0(OLS)http://semarc/subject/3345 700 1 $aMestica, Enrico,$d<1856-1936>.$0(OLS)http://semarc/name/58594 700 1 $aMonti, Vincenzo,$d<1754-1828>.$0(OLS)http://semarc/name/11027 830 0$aCollezione scolastica : secondo i programmi governativi.$0(OLS)http://semarc/title/10572 850 $aSeMil 852 $aSeMil$W1$xVenegono$y1$m1M IV 1$j116927$B116927$CSeMilBibl$Z2$F127825 $81 996 $6245$aL'iliade di Omero$9(OLS)http://semarc/title/236660 996 $6260$aFirenze :$bBarbèra$9(OLS)http://semarc/publisher/29974 LEADER 01088nam a2200253 i 4500 001 000000205930 003 CaOOAMICUS 005 20110909000000.0 008 110909s1982 it u000 u ita u 013 $a184676 040 $aSeMil$bita 100 1 $aPaduano, Guido,$d<1944- >.$0(OLS)http://semarc/name/6268 245 10$aNoi facemmo ambedue un sogno strano :$bil disagio amoroso sulla scena del'opera europea /$cGuido Paduano. 260 $aPalermo :$bSellerio,$c1982. 300 $a203 p. ;$c21 cm. 490 0 $aPrisma ;$v40 650 4$aOpera in musica.$0(OLS)http://semarc/subject/8916 650 4$aMelodramma - Soggetti.$0(OLS)http://semarc/subject/8918 830 0$aPrisma ;$v40.$0(OLS)http://semarc/title/7944 850 $aSeMil 852 $aSeMil$W1$xVenegono$y1$m3Q III 50$j156416$B156416$CSeMilBibl$Z2$F168190 $81 961 $aLascito: Barbarisi Gennaro 996 $6245$aNoi facemmo ambedue un sogno strano :$bil disagio amoroso sulla scena del'opera europea$9(OLS)http://semarc/title/297984 996 $6260$aPalermo :$bSellerio$9(OLS)http://semarc/publisher/32246